000 00838nas a2200289 4500
001 BR9203418
003 BR-BrBNA
005 20231205092636.0
007 ta
008 230509b bl.|||p| |||| 00| 00por d
040 _aBR-BrBNA
_bpor
_cBiblioteca Nacional de Agricultura
041 _a(Pt)
072 _aF04; H20
100 1 _aMartins, J.F. da S.
100 1 _aRangel, P.H.N.
100 1 _aAquino, A.R.L. de
100 1 _aFerreira, E.
245 1 _aAdubacao nitrogenada e controle da bicheira da raiz do arroz
650 _aNITROGENIO
650 _aBICHEIRA DA RAIZ
650 _aARROZ
650 _aSULFATO DE AMONIA
650 _aINSETICIDA
773 0 _tLavoura Arrozeira (Brazil)
_xISSN 0023-9143
_g(May-Apr 1987), v. 40(372) p. 8-11
_wBR9203418
909 _a202311
_bLúcia
_c55
_dLúcia Elande
942 _2AGRIS
_n0
_cANA
999 _c133098
_d133098